A million miles in a thousand years : (Record no. 10085)

MARC details
000 -LEADER
fixed length control field 02265cam a2200301 a 4500
001 - CONTROL NUMBER
control field 15768353
003 - CONTROL NUMBER IDENTIFIER
control field OSt
005 - DATE AND TIME OF LATEST TRANSACTION
control field 20210215160956.0
008 - FIXED-LENGTH DATA ELEMENTS--GENERAL INFORMATION
fixed length control field 090609s2009 tnu 000 0 eng
010 ## - LIBRARY OF CONGRESS CONTROL NUMBER
LC control number 2009023464
020 ## - INTERNATIONAL STANDARD BOOK NUMBER
International Standard Book Number 9780785213062
020 ## - INTERNATIONAL STANDARD BOOK NUMBER
Canceled/invalid ISBN 9781418585877
Qualifying information ebook
040 ## - CATALOGING SOURCE
Original cataloging agency DLC
Transcribing agency DLC
Modifying agency DLC
043 ## - GEOGRAPHIC AREA CODE
Geographic area code n-us---
050 00 - LIBRARY OF CONGRESS CALL NUMBER
Classification number BR1725.M4465
Item number M647M
082 00 - DEWEY DECIMAL CLASSIFICATION NUMBER
Classification number 277.3/083092
-- B
Edition number 22
Item number M647M
100 1# - MAIN ENTRY--PERSONAL NAME
Personal name Miller, Donald,
Dates associated with a name 1971-
245 12 - TITLE STATEMENT
Title A million miles in a thousand years :
Remainder of title what I learned while editing my life /
Statement of responsibility, etc. Donald Miller.
260 ## - PUBLICATION, DISTRIBUTION, ETC.
Place of publication, distribution, etc. Nashville, Tenn. :
Name of publisher, distributor, etc. Thomas Nelson,
Date of publication, distribution, etc. c2009.
300 ## - PHYSICAL DESCRIPTION
Extent xiii, 255 p. ;
Dimensions 22 cm.
505 0# - FORMATTED CONTENTS NOTE
Formatted contents note Part I: Exposition -- Random scenes -- It's improv -- A million miles in a thousand years -- It's all about the story -- Your real life is boring -- Flesh and soul better -- My uncle's funeral and a wedding -- Going to see the guru -- The basic elements of a meaningful life -- How Jason saved his family -- Part II: A character -- Writing the world -- Imperfect is perfect -- The point of life is transformation -- Story application in leadership -- A character is what he does -- A character must save the cat -- A good character listens to his writer -- Something on the page -- Part III: A character who wants something -- How to make yourself change -- An inciting incident -- Facing the resistance -- A good story, hijacked -- Walking among the ruins -- Meeting Bob -- Part IV: A character who wants something and overcomes conflict -- The thing about a crossing -- It's the pain that binds us -- A tree in a story about a forest -- The reason God hasn't fixed you yet -- Great stories have memorable scenes -- Part V: A character who wants something and overcomes conflict to get it -- The beauty of a tragedy -- No one gets to watch the parade -- Snow falling in Delaware -- Telling a story demands courage.
600 10 - SUBJECT ADDED ENTRY--PERSONAL NAME
Personal name Miller, Donald,
Dates associated with a name 1971-
650 #0 - SUBJECT ADDED ENTRY--TOPICAL TERM
Topical term or geographic name entry element Christian biography
Geographic subdivision United States.
650 #0 - SUBJECT ADDED ENTRY--TOPICAL TERM
Topical term or geographic name entry element Autobiography
General subdivision Authorship.
906 ## - LOCAL DATA ELEMENT F, LDF (RLIN)
a 7
b cbc
c orignew
d 1
e ecip
f 20
g y-gencatlg
942 ## - ADDED ENTRY ELEMENTS (KOHA)
Source of classification or shelving scheme Dewey Decimal Classification
Koha item type Books
Holdings
Withdrawn status Lost status Source of classification or shelving scheme Damaged status Not for loan Collection code Home library Current library Shelving location Date acquired Total Checkouts Full call number Barcode Date last seen Price effective from Koha item type
    Dewey Decimal Classification     Non-fiction Harvest Mission College Harvest Mission College General Stacks 17.02.2021   277.3 M647M 011639 17.02.2021 17.02.2021 Books

OPAC Designed and Maintained by HMC Library Team.
Copyright © HMC Library,Greater Noida, UP.
For any Suggestions/Query Contact library via Email:libhmc@gmail.com